000 00306nam a22001097a 4500
003 OSt
008 250107b |||||||| |||| 00| 0 eng d
041 _aeng
245 _aKerala Agricultural Statistics 1965-1966 to 1975-1976
260 _bDirectorate of Extension, Kerala Agricultural university
942 _cBK
999 _c18970
_d18970